Movies Quiz

Random Movies or Box Office Quiz

Top Grossing Threequels Quiz Stats

 Plays Quiz Updated Aug 13, 2017

Score 0/30 Timer 06:00
0 Plays Today
Year Film % Correct
2003The Lord of the Rings: The Return of the King
85.9%
1983Star Wars: Episode VI - Return of the Jedi
66.1%
2010Toy Story 3
63.8%
2007Spider-Man 3
56.3%
2013Iron Man 3
53.5%
2004Harry Potter and the Prisoner of Azkaban
53.2%
2012The Dark Knight Rises
52.8%
2016Captain America: Civil War
50.2%
2005Star Wars: Episode III - Revenge of the Sith
47.9%
2007Shrek the Third
45.6%
1989Indiana Jones and the Last Crusade
44.7%
2014The Hobbit: The Battle of the Five Armies
37.8%
2017Cars 3
34.7%
2014The Hunger Games: Mockingjay - Part 1
34.5%
2011Transformers: Dark of the Moon
32.8%
Year Film % Correct
2007Pirates of the Caribbean: At World's End
32.4%
2006X-Men: The Last Stand
30.7%
2010The Twilight Saga: Eclipse
28.8%
1995Batman Forever
27.5%
2003Terminator 3: Rise of the Machines
26.9%
2001Jurassic Park III
24.8%
2009Ice Age: Dawn of the Dinosaurs
18.9%
2007The Bourne Ultimatum
17%
2012Madagascar 3: Europe's Most Wanted
16.2%
1992Lethal Weapon 3
14.8%
2012Men in Black 3
12.9%
2016Kung Fu Panda 3
11.1%
2017War for the Planet of the Apes
8.2%
2002Austin Powers in Goldmember
8%
2010Little Fockers
4.7%

You're not logged in!

Compare scores with friends on all Sporcle quizzes.
OR
Log In

Show Comments

Extras

Top Quizzes Today


Score Distribution

Your Account Isn't Verified!

In order to create a playlist on Sporcle, you need to verify the email address you used during registration. Go to your Sporcle Settings to finish the process.

Report this User

Report this user for behavior that violates our Community Guidelines.

Details: